Krajinno-ekologické limity priestorového rozvoja Bratislavy

Bibliographic Details
Main Author: Miklós, László, 1949- (Author)
Format: Article
Language:Slovak
PhysicalDescription:Obr. 3. Tb. 2. Sch. 2. Res. rus., angl., nem., franc., lit. 3 zázn. v slov., angl.
Subjects:

MARC

LEADER 00000nab a2200000 a 4500
001 vtls000336520
003 SK-MaSNL
005 20260426105651.0
008 230223c1988 xo 0 slo
015 |a SNBRB19rr/mm-uuuuu 
035 |a CL0336642 
035 |a urn:nbn:sk:snk-abdnfa 
035 |a (urnnbn)urn:nbn:sk:snk:ar-000qp8 
035 |a (uuid)e61b3793-bb9d-4708-af4b-0b427ee7ceaf 
040 |a SNKBUCL  |b slo  |c SNKBUCL  |e AACR2 
041 0 |a slo 
044 |a xo  |c SK 
080 |a 711.432:712.25  |2 1981 
080 |a 712.25  |2 1981 
100 1 |a Miklós, László,  |d 1949-  |4 aut  |9 98270 
245 1 0 |a Krajinno-ekologické limity priestorového rozvoja Bratislavy  |c Ladislav Miklós 
300 |b Obr. 3. Tb. 2. Sch. 2. Res. rus., angl., nem., franc., lit. 3 zázn. v slov., angl. 
650 0 7 |a ekológia  |2 snkbucl  |9 785 
651 7 |a Bratislava (Slovensko)  |2 snkbucl  |9 14568 
655 7 |a články z novín a časopisov  |2 snkbucl  |9 267496 
773 0 |t Projekt  |g Roč. 30, č. 1 (1988), s. 26-29 
850 |a Slovenská národná knižnica v Martine  |a MTA001 
852 |a SNK  |b KIS3GCP 
954 |a odborná, vedecká literatúra pôvodná (slovenská)  |2 lita 
957 |a 5100 
958 |a RK 
958 |a OND 
958 |a EUIPO 
958 |a article19 
992 |a RBX 
999 |c 3357513  |d 3359443